[Event "PRO League Stage"]
[Site "Chess.com INT"]
[Date "2018.01.25"]
[Round "2"]
[White "Sadorra, Julio Catalino"]
[Black "Dragun, Kamil"]
[Result "1/2-1/2"]
[WhiteElo "2539"]
[BlackElo "2610"]
[PlyCount "84"]
[EventDate "2018.01.18"]
[EventType "team-swiss (rapid)"]
[EventRounds "9"]
[EventCountry "USA"]
[SourceTitle "CBM 182 Extra"]
[Source "ChessBase"]
[SourceDate "2018.02.23"]
[SourceVersion "1"]
[SourceVersionDate "2018.02.23"]
[SourceQuality "1"]
[WhiteTeam "Dallas Destiny"]
[BlackTeam "Rio Grande Ospreys"]
[WhiteTeamCountry "USA"]
[BlackTeamCountry "USA"]

1. d4 Nf6 2. c4 e6 3. Nc3 Bb4 4. g3 0-0 5. Bg2 d5 6. a3 Be7 7. Nf3 dxc4 8. Ne5 Nc6 9. Bxc6 bxc6 10. Nxc6 Qe8 11. Nxe7+ Qxe7 12. Qa4 Bb7 13. 0-0 c5 14. Qxc4 cxd4 15. Qxd4 Rfd8 16. Qb4 Qxb4 17. axb4 Nd5 18. Nxd5 Bxd5 19. Be3 a6 20. Rfc1 Rdb8 21. Bf4 Rd8 22. f3 f6 23. e4 e5 24. Be3 Bf7 25. Rd1 Bc4 26. Kf2 Bb5 27. Bb6 Rxd1 28. Rxd1 Kf7 29. Rc1 Re8 30. Ke3 Re7 31. Rc8 Rd7 32. f4 Rd3+ 33. Kf2 Rd2+ 34. Kf3 Rd3+ 35. Kf2 Rd2+ 36. Kf3 Rd3+ 37. Be3 exf4 38. gxf4 g6 39. Rc7+ Rd7 40. Rxd7+ Bxd7 41. Bd4 f5 42. e5 Ke6 1/2-1/2

[Event "PRO League Stage"]
[Site "Chess.com INT"]
[Date "2018.01.18"]
[Round "1"]
[White "Abrahamyan, Tatev"]
[Black "Sadorra, Julio Catalino"]
[Result "0-1"]
[WhiteElo "2332"]
[BlackElo "2539"]
[PlyCount "66"]
[EventDate "2018.01.18"]
[EventType "team-swiss (rapid)"]
[EventRounds "9"]
[EventCountry "USA"]
[SourceTitle "CBM 182 Extra"]
[Source "ChessBase"]
[SourceDate "2018.02.23"]
[SourceVersion "1"]
[SourceVersionDate "2018.02.23"]
[SourceQuality "1"]
[WhiteTeam "San Diego Surfers"]
[BlackTeam "Dallas Destiny"]
[WhiteTeamCountry "USA"]
[BlackTeamCountry "USA"]

1. e4 c5 2. Nf3 e6 3. d4 cxd4 4. Nxd4 a6 5. Nc3 Qc7 6. Bd3 Nf6 7. 0-0 d6 8. Kh1 Nbd7 9. f4 b5 10. Qe2 Bb7 11. Bd2 Be7 12. b4 0-0 13. a4 bxa4 14. Nxa4 d5 15. e5 Ne4 16. Be1 Nb6 17. Nxb6 Qxb6 18. c3 a5 19. bxa5 Rxa5 20. Rxa5 Qxa5 21. f5 Qc7 22. f6 Bc5 23. Nb3 Bb6 24. Qg4 g6 25. Bxe4 dxe4 26. Qg5 Kh8 27. Rf4 Be3 28. Nd4 Qc4 29. h4 Bxf4 30. Qxf4 Qd3 31. h5 e3 32. Nxe6 fxe6 33. f7 Qf5 0-1